|
|
|
|
| LEADER |
00689nam a2200217Ia 4500 |
| 008 |
140316s9999 xx 000 0 und d |
| 020 |
|
|
|
| 082 |
|
|
|a 631.587
|b SAR/PR
|
| 100 |
|
|
|a Sarkar,T K
|
| 245 |
|
|
|a Proceedings of the sixth trainer trainning programme on irrigation water management
|
| 260 |
|
|
|a India
|b Water technology centre,IARI
|c 1989
|
| 300 |
|
|
|a 502
|
| 650 |
|
|
|a Agro climate
|
| 650 |
|
|
|a Drainage
|
| 700 |
|
|
|a Kaban,
|
| 700 |
|
|
|a Ray,S B
|
| 700 |
|
|
|a selvarajan,S
|
| 700 |
|
|
|a sunha,A K
|
| 942 |
|
|
|2 ddc
|c BK
|
| 999 |
|
|
|c 113
|d 113
|
| 952 |
|
|
|0 0
|1 0
|2 ddc
|4 0
|6 631_587000000000000_SARPR
|7 0
|9 120
|a KAUCLV
|b KAUCLV
|c GENERAL
|d 2014-03-18
|o 631.587 SAR/PR
|p 200764
|r 2014-03-18
|w 2014-03-18
|y BK
|